[Event "Titled Tuesday intern op 25th Jul Early"]
[Site "Chess.com INT"]
[Date "2023.07.25"]
[Round "4"]
[White "Perske, Thore"]
[Black "Turayev, Shahruh"]
[Result "0-1"]
[WhiteElo "2448"]
[BlackElo "2193"]
[PlyCount "128"]
[EventDate "2023.07.25"]
[EventType "swiss (blitz)"]
[EventRounds "11"]
[EventCountry "USA"]
[SourceTitle "EXT 2024"]
[Source "ChessBase"]
[SourceDate "2023.10.10"]
[SourceVersion "1"]
[SourceVersionDate "2023.10.10"]
[SourceQuality "1"]

1. d4 Nf6 2. g3 d5 3. Bg2 e6 4. Nf3 Be7 5. 0-0 0-0 6. c4 dxc4 7. Qc2 b5 8. a4 b4 9. Nbd2 Bb7 10. Nxc4 a5 11. Bf4 Nd5 12. Rac1 Nd7 13. Nfe5 Nxe5 14. Bxe5 Bd6 15. e4 Ne7 16. Rfd1 Ng6 17. Bxd6 cxd6 18. e5 Bxg2 19. Kxg2 dxe5 20. dxe5 Qg5 21. Qe4 f5 22. exf6 Qxf6 23. Rd2 Ne7 24. Ne3 Nf5 25. Rc6 Nxe3+ 26. Qxe3 Rae8 27. Ra6 Qf5 28. Rd7 Rd8 29. Rxd8 Rxd8 30. Rxe6 Qd5+ 31. Qe4 Qxe4+ 32. Rxe4 Rd2 33. Re5 Rxb2 34. Rxa5 b3 35. Rb5 h6 36. h4 Ra2 37. Rxb3 Rxa4 38. f3 Ra2+ 39. Kh3 Ra7 40. g4 Ra4 41. Kg3 Rc4 42. Re3 Rb4 43. Re4 Rb1 44. Kf4 Kh7 45. g5 hxg5+ 46. hxg5 Kg6 47. Re6+ Kf7 48. Ra6 Rb5 49. Kg4 Rc5 50. f4 Rc1 51. g6+ Ke7 52. Kg5 Rg1+ 53. Kf5 Rb1 54. Ra7+ Kf8 55. Rf7+ Kg8 56. Rd7 Kf8 57. Rf7+ Kg8 58. Ra7 Kf8 59. Ra5 Ke7 60. Ke5 Re1+ 61. Kf5 Rh1 62. Ra7+ Kf8 63. Ra8+ Ke7 64. Ra5 Rh5+ 0-1

[Event "Titled Tuesday intern op 25th Jul Early"]
[Site "Chess.com INT"]
[Date "2023.07.25"]
[Round "8"]
[White "Turayev, Shahruh"]
[Black "Karamsetty, Jeevan"]
[Result "0-1"]
[WhiteElo "2193"]
[BlackElo "2185"]
[PlyCount "94"]
[EventDate "2023.07.25"]
[EventType "swiss (blitz)"]
[EventRounds "11"]
[EventCountry "USA"]
[SourceTitle "EXT 2024"]
[Source "ChessBase"]
[SourceDate "2023.10.10"]
[SourceVersion "1"]
[SourceVersionDate "2023.10.10"]
[SourceQuality "1"]

1. e4 g6 2. Nc3 Bg7 3. d4 d6 4. Be3 a6 5. f3 b5 6. Rb1 Bb7 7. h4 h5 8. Nh3 Nd7 9. Ne2 c5 10. c3 Ngf6 11. Ng5 e6 12. Nf4 0-0 13. Bd3 e5 14. Ne2 c4 15. Bc2 d5 16. 0-0 dxe4 17. Nxe4 Nxe4 18. fxe4 Qxh4 19. d5 Nf6 20. Qe1 Qg4 21. Qf2 Nxe4 22. Bxe4 Qxe4 23. Bc5 Bxd5 24. Bxf8 Rxf8 25. Rbe1 Qg4 26. Qg3 Qd7 27. Rd1 Qc6 28. Kh1 h4 29. Qh3 g5 30. Ng1 f6 31. Nf3 Be6 32. Qh2 Bg4 33. Rfe1 h3 34. Qg3 hxg2+ 35. Kxg2 f5 36. Kf2 e4 37. Nxg5 Qb6+ 38. Kg2 Bxd1 39. Rxd1 f4 40. Qh4 f3+ 41. Kf1 Qg6 42. Rd6 Bf6 43. Rd7 Bxg5 44. Qg4 e3 45. Rd6 e2+ 46. Ke1 f2+ 47. Kxe2 f1Q# 0-1

[Event "Titled Tuesday intern op 18th Jul Late"]
[Site "Chess.com INT"]
[Date "2023.07.18"]
[Round "1"]
[White "Turayev, Shahruh"]
[Black "Pein, Jonathan"]
[Result "0-1"]
[WhiteElo "2193"]
[BlackElo "2276"]
[PlyCount "68"]
[EventDate "2023.07.18"]
[EventType "swiss (blitz)"]
[EventRounds "11"]
[EventCountry "USA"]
[SourceTitle "EXT 2024"]
[Source "ChessBase"]
[SourceDate "2023.10.10"]
[SourceVersion "1"]
[SourceVersionDate "2023.10.10"]
[SourceQuality "1"]

1. d4 Nf6 2. c4 d6 3. Nf3 g6 4. Nc3 Bg7 5. e4 0-0 6. Be2 e5 7. d5 h6 8. Be3 Ng4 9. Bd2 f5 10. h3 Nf6 11. Qc1 fxe4 12. Nh2 Kh7 13. Ng4 h5 14. Nxf6+ Qxf6 15. Nxe4 Qd8 16. g4 Kg8 17. Bh6 Na6 18. Rg1 Qh4 19. Bxg7 Kxg7 20. Qe3 hxg4 21. hxg4 Qh6 22. Ng5 Rf4 23. Ne4 Nb4 24. Kd1 Bd7 25. a3 Ba4+ 26. b3 Rxe4 27. Qxe4 Bxb3+ 28. Ke1 Nc2+ 29. Kf1 Nxa1 30. Rh1 Qf4 31. Qd3 Rf8 32. f3 Ba4 33. Kg2 Nb3 34. Bd1 Nc5 0-1

[Event "Titled Tuesday intern op 20th Jun Late"]
[Site "Chess.com INT"]
[Date "2023.06.20"]
[Round "8"]
[White "Dushyant, Sharma"]
[Black "Turayev, Shahruh"]
[Result "1-0"]
[WhiteElo "2345"]
[BlackElo "2193"]
[PlyCount "53"]
[EventDate "2023.06.20"]
[EventType "swiss (blitz)"]
[EventRounds "11"]
[EventCountry "USA"]
[SourceTitle "EXT 2024"]
[Source "ChessBase"]
[SourceDate "2023.10.10"]
[SourceVersion "1"]
[SourceVersionDate "2023.10.10"]
[SourceQuality "1"]

1. e4 e6 2. d4 d5 3. exd5 exd5 4. Bd3 Nc6 5. c3 Bd6 6. Nf3 Bg4 7. 0-0 Qd7 8. Be3 0-0-0 9. Nbd2 f6 10. b4 Re8 11. a4 Nge7 12. a5 Nf5 13. Re1 Nd8 14. Qc2 Nxe3 15. fxe3 Kb8 16. b5 Nf7 17. b6 a6 18. bxc7+ Qxc7 19. Rab1 Ka8 20. Rb6 Ng5 21. Reb1 Bxf3 22. Nxf3 Nxf3+ 23. gxf3 Rxe3 24. Bxa6 Rxc3 25. Bxb7+ Ka7 26. Ra6+ Kb8 27. Ra8# 1-0